Ukraine Cities Map Quiz - Statistics

General Stats
  • This quiz has been taken 516 times
  • The average score is 9 of 12
Answers on the Map
Answers color-coded by a green-red scale on the quiz's map according to % correct below.
 
Answer Stats
Answer % Correct
Kyiv
98%
Odesa
90%
Lviv
89%
Sevastopol
86%
Donetsk
81%
Kharkiv
81%
Mariupol
77%
Dnipro
75%
Luhansk
70%
Mykolaiv
67%
Zaporizhia
65%
Kryvyi Rih
58%
No matching quizzes found
Score Distribution
Percent of People with Each Score
Percentile by Number Answered
Your Score History
You have not taken this quiz